| 000 | 01637nam a2200337 a 4500 | ||
|---|---|---|---|
| 001 | 60532 | ||
| 003 | BD-RjUL | ||
| 005 | 20211209080844.0 | ||
| 008 | 170101s1993 bg b s o000 0 eng d | ||
| 020 |
_a9845080901 _c: Tk. 400.00(Inland) |
||
| 020 |
_a9845080901 _c:Complimentary |
||
| 035 | _a(BD-RjUL)60656 | ||
| 035 | _a(OCoLC)ocm27450619 | ||
| 035 | _a(NNC)1450898 | ||
| 040 |
_aDLC _cDLC _dDLC _dBD-RjUL _beng |
||
| 041 | 0 | _aengben | |
| 082 |
_223 _a304.6095492021 _bLAK 1993 (CS) |
||
| 110 |
_aBangladesh Bureau Of Statistics. _9179266 |
||
| 245 | 1 | 0 |
_aBangladesh population census, 1991 = বাংলাদেশ আদমশুমারী, ১৯৯১ : _bCommunity series, Zila: Lakshmipur = কমিউনিটি সিরিজ, জেলা: লক্ষ্মীপুর / _cBangladesh Bureau Of Statistics. _n |
| 246 |
_aবাংলাদেশ আদমশুমারী, ১৯৯১ : _bকমিউনিটি সিরিজ, জেলা: লক্ষ্মীপুর |
||
| 260 |
_aDhaka : _bBBS, _c1993. |
||
| 300 |
_axiv, 120 p. : _bill. ; _c28 cm. |
||
| 490 | _aCommunity series, Zila: Lakshmipur | ||
| 490 | _aকমিউনিটি সিরিজ, জেলা: লক্ষ্মীপুর | ||
| 500 | _aPrefatory matter in Bengali and English. | ||
| 651 |
_aBangladesh _zLakshmipur _vCensus, 1991 _9180263 |
||
| 651 |
_aBangladesh _zLakshmipur _xPopulation _vStatistics _9180264 _y1991 |
||
| 830 |
_aCommunity series, Zila: Lakshmipur _9180265 |
||
| 830 |
_aকমিউনিটি সিরিজ, জেলা: লক্ষ্মীপুর _9190076 |
||
| 942 |
_2ddc _cRAR |
||
| 999 |
_c60532 _d60532 |
||